Normal view
MARC view
Entry Topical Term
001 - CONTROL NUMBER
- control field: 24438
003 - CONTROL NUMBER IDENTIFIER
- control field: dpl
005 - DATE AND TIME OF LATEST TRANSACTION
- control field: 20101123161448.0
008 - FIXED-LENGTH DATA ELEMENTS
- fixed length control field: 101123|||a|||||| | ||| d
040 ## - CATALOGING SOURCE
- Original cataloging agency: dpl
- Transcribing agency: dpl
150 ## - HEADING--TOPICAL TERM
- Topical term or geographic name as entry element: Hindi fiction
670 ## - SOURCE DATA FOUND
- Source citation: Work cat.: (dpl): विष्णु प्रभाकर 24437, अर्द्धनारीश्वर /, 2010
670 ## - SOURCE DATA FOUND
- Source citation: Work cat.: (dpl): विष्णु प्रभाकर 24437, अर्द्धनारीश्वर /, 2010
